000 02179nam a2200313Ia 4500
003 OSt
005 20210824094428.0
008 210310s1998 ck aod fr 100 0 spa d
020 _a9589662315
040 _aCO-JMCR
_cCO-JMCR
041 0 _aspa
082 0 4 _a339.523 /
_bE562m
_223
111 2 _aEncuentro de Derecho Tributario y Hacienda Púbica
_n(4° :
_d1998 :
_cBogotá)
_939571
245 0 _aMemoria :
_bIV Encuentro de Derecho Tributario y Hacienda Púbica /
_cInstituto Colombiano de Derecho Tributario, Pontificia Universidad Javeriana, Universidad Colegio Mayor de Nuestra Señora Del Rosario, Universidad de La Sabana, Universidad de Los Andes
260 _aBogotá :
_bICDT,
_c1998
300 _axxiv, 205 páginas :
_bilustraciones, fotografías y gráficas a blanco y negro y a color ;
_c24 cm.
500 _aIncluye notas a pie de página.
505 0 _tTeoría del Déficit Fiscal /
_rClara López Obregón
_tEl controvertido principio del Equilibrio Presupuestal y el Déficit Fiscal /
_rMauricio Alfredo Plazas Vega
_tEl Déficit Fiscal /
_rAlfonso Miranda Talero
_tEl Déficit Fiscal Nacional: posibles soluciones. Dos prosperidades desperdiciadas /
_rRodrigo Llorente Martínez
_tEl Déficit Nacional /
_rJulio Roberto Piza Rodríguez
_tAnálisis del Déficit Nacional /
_rJuan Pablo Córdoba Garcés
_tEl Déficit de las Entidades Territoriales: descripción, causas y posibles soluciones /
_rJorge Armando Rodríguez Alarcón
_tEl Déficit de las Entidades Territoriales /
_rJaime Castro Castro
650 1 4 _aDerecho fiscal
_917084
_xCongresos, conferencias, etc.
_zColombia
650 2 4 _aHacienda pública
_xCongresos, conferencias, etc.
_zColombia
_939572
650 2 4 _aAdministración tributaria
_xCongresos, conferencias, etc.
_zColombia
_939573
650 2 4 _aGastos públicos
_xCongresos, conferencias, etc.
_zColombia
_939574
650 2 4 _aDéficit fiscal
_vTeorías
_xCongresos, conferencias, etc.
_939575
710 1 _aPontificia Universidad Javeriana
_939576
710 1 _aUniversidad Colegio Mayor de Nuestra Señora Del Rosario
_939577
710 1 _aUniversidad de La Sabana
_939578
710 1 _aUniversidad de Los Andes
_910674
942 _2ddc
_cBK
999 _c8373
_d8373